Вестник Бирской государственной социально-педагогической академии (Запись № 4298678)

Подробности
000 -МАРКЕР
контрольное поле 03273nas1a22003251i 4500
001 - ИДЕНТИФИКАТОР ЗАПИСИ
контрольное поле RU\NLR\Per\517256
005 - ИДЕНТИФИКАТОР ВЕРСИИ
контрольное поле 20260407121858.0
035 ## - ДРУГИЕ СИСТЕМНЫЕ НОМЕРА
Идентификатор записи (NLR Aleph) 002699008
100 ## - ДАННЫЕ ОБЩЕЙ ОБРАБОТКИ
Данные общей обработки 20071114b200 2010|||y0rusy50 ca
101 0# - ЯЗЫК РЕСУРСА
Язык текста, звукозаписи и т.д. русский
102 ## - СТРАНА ПУБЛИКАЦИИ ИЛИ ПРОИЗВОДСТВА
Страна публикации российская федерация
110 ## - ПОЛЕ КОДИРОВАННЫХ ДАННЫХ: ПРОДОЛЖАЮЩИЕСЯ РЕСУРСЫ
Кодированные данные продолжающегося ресурса zu|||||||||
200 1# - ЗАГЛАВИЕ И СВЕДЕНИЯ ОБ ОТВЕТСТВЕННОСТИ
Основное заглавие Вестник Бирской государственной социально-педагогической академии
Сведения, относящиеся к заглавию научный журнал
Первые сведения об ответственности гос. учреждение высш. проф. образования "Бир. гос. социал.-пед. акад. "
210 ## - ПУБЛИКАЦИЯ, РАСПРОСТРАНЕНИЕ И ДР.
Место издания, распространения и т.д. Бирск
Имя издателя, распространителя и т. д. Бирская государственная социально-педагогическая академия
Дата издания, распространения и т.д. 2005 - 2010
300 ## - ОБЩИЕ ПРИМЕЧАНИЯ
Текст примечания В надзаг. также: Федерал. агентство по образованию
311 ## - ПРИМЕЧАНИЯ, ОТНОСЯЩИЕСЯ К ПОЛЯМ СВЯЗИ (ПРИМЕЧАНИЯ О СВЯЗИ С ДРУГИМИ ПРОИЗВЕДЕНИЯМИ (ИЗДАНИЯМИ))
Текст примечания Продолжается как : Башкирский государственный университет (Уфа). Бирский филиал. Вестник Бирского филиала Башкирского государственного университета
440 #0 - ПРОДОЛЖАЕТСЯ ПОД ...
Встроенное поле 2001#$aВестник Бирского филиала Башкирского государственного университета
-- 71002$3RU\NLR\AUTH\8810241597$aБашкирский государственный университет$cУфа$bБирский филиал
Заглавие Вестник Бирского филиала Башкирского государственного университета
Автор Башкирский государственный университет (Уфа). Бирский филиал
517 1# - ДРУГИЕ ВАРИАНТЫ ЗАГЛАВИЯ
Вариант заглавия Вестник Бирской ГСПА
710 02 - НАИМЕНОВАНИЕ ОРГАНИЗАЦИИ - ПЕРВИЧНАЯ ОТВЕТСТВЕННОСТЬ
Код отношения Автор
Начальный элемент ввода Бирская государственная социально-педагогическая академия
Идентификатор авторитетной/нормативной записи RU\NLR\AUTH\8810070674
Системный номер авторитетной/нормативной записи 643046
801 #0 - ИСТОЧНИК ЗАПИСИ
Страна российская федерация
Организация NLR
Правила каталогизации PSBO
801 #1 - ИСТОЧНИК ЗАПИСИ
Страна российская федерация
Организация NLR
Дата составления 20071114
Источник данных rusmarc
801 #2 - ИСТОЧНИК ЗАПИСИ
Страна российская федерация
Организация NLR
Дата составления 20080825
Источник данных rusmarc
852 ## - МЕСТОНАХОЖДЕНИЕ И ШИФР ХРАНЕНИЯ
Идентификатор организации NLR
Шифр хранения (Call Number) П2/790
942 ## - ДОПОЛНИТЕЛЬНЫЕ ЭЛЕМЕНТЫ ЗАПИСИ (АБИС)
Тип экземпляра АБИС Продолжающееся издание
980 ## - КОЛЛЕКЦИЯ
Название коллекции Русская периодика

Нет доступных экземпляров.